000 00917nas a2200289 4500
001 BR9211796
003 BR-BrBNA
005 20231205093527.0
007 ta
008 230509b bl.|||p| |||| 00| 00por d
040 _aBR-BrBNA
_bpor
_cBiblioteca Nacional de Agricultura
041 _a(Pt)
072 _aH10
100 1 _aBergmann, E.C.
100 1 _aFaria, A.M. de
100 1 _aFernandes, S.C.S.
100 1 _aPerazzolo, M. de L.
100 1 _aMendonca, N.T. de
245 1 _aLepidopteros associados a seringueira (Hevea brasiliensis)em Ibitinga, Sao Paulo
246 1 _aLepidoptera order associated to the rubber plants on the Ibitinga, Sao Paulo, Brazil
650 _aSERINGUEIRA
650 _aLEPIDOPTERO
650 _aSAO PAULO
773 0 _tEcossistema (Brazil)
_xISSN 0100-4107
_g(Oct 1990), v. 15 p. 104-113
_wBR9211796
909 _a202311
_bLúcia
_c55
_dLúcia Elande
942 _2AGRIS
_n0
_cANA
999 _c138993
_d138993